ODPM revises decent homes guidance (Record no. 117032)
[ view plain ]
| 000 -LEADER | |
|---|---|
| fixed length control field | 01248cam a2200229 4500 |
| 001 - CONTROL NUMBER | |
| control field | WB4007-12 |
| 008 - FIXED-LENGTH DATA ELEMENTS--GENERAL INFORMATION | |
| fixed length control field | 040218n2004 000 0 eng u |
| 035 ## - SYSTEM CONTROL NUMBER | |
| System control number | (Sirsi) u125181 |
| 245 ## - TITLE STATEMENT | |
| Title | ODPM revises decent homes guidance |
| 260 ## - PUBLICATION, DISTRIBUTION, ETC. | |
| Date of publication, distribution, etc. | 2004 |
| 490 ## - SERIES STATEMENT | |
| Series statement | ODPM News Release |
| Volume/sequential designation | (2004/0036) 16 February 2004 (1) |
| 520 ## - SUMMARY, ETC. | |
| Summary, etc. | ODPM has published revised guidance for councils as part of their decent homes drive for council tenants. Implements recommendations from the Public Service Agreement plus reviewand offers greater clarification of the definition and it's implementation; advises on linking decent homes with wider regeneration in the area; and clarifies the roles and responsibilities of the Housing Inspectorate, government offices and the Community Housing Task Force. The guidance is available at http://www.odpm.gov.uk/stellent/groups/odpm_contro l/documents/contentservertemplate/odpm_index.hcst? n=1187&l=3. News release http://www.odpm.gov.uk/pns/DisplayPN.cgi?pn_id=200 4_0036 |
| 590 ## - LOCAL NOTE (RLIN) | |
| Local note | WB |
| 590 ## - LOCAL NOTE (RLIN) | |
| Local note | WB |
| 650 ## - SUBJECT ADDED ENTRY--TOPICAL TERM | |
| Topical term or geographic name entry element | DECENT HOMES |
| 650 ## - SUBJECT ADDED ENTRY--TOPICAL TERM | |
| Topical term or geographic name entry element | COUNCIL HOUSING |
| 650 ## - SUBJECT ADDED ENTRY--TOPICAL TERM | |
| Topical term or geographic name entry element | HOUSING POLICIES |
| 650 ## - SUBJECT ADDED ENTRY--TOPICAL TERM | |
| Topical term or geographic name entry element | HOUSING GUIDELINES |
| 650 ## - SUBJECT ADDED ENTRY--TOPICAL TERM | |
| Topical term or geographic name entry element | REGENERATION POLICY |
| 690 ## - LOCAL SUBJECT ADDED ENTRY--TOPICAL TERM (OCLC, RLIN) | |
| Topical term or geographic name as entry element | HOUSING-SOCIAL HOUSING |
| 942 ## - ADDED ENTRY ELEMENTS (KOHA) | |
| Suppress in OPAC | 0 |
| Withdrawn status | Lost status | Source of classification or shelving scheme | Damaged status | Not for loan | Home library | Current library | Shelving location | Date acquired | Total Checkouts | Full call number | Barcode | Date last seen | Copy number | Price effective from | Koha item type |
|---|---|---|---|---|---|---|---|---|---|---|---|---|---|---|---|
| Dewey Decimal Classification | London | London | News article | 18/02/2004 | WB4007-12 | 125181-1001 | 06/08/2019 | 1 | 06/08/2019 | News article |